Statistieken voor Provincie Antwerpen - Trivia

Klik hier om de quiz te nemen!

Algemene statistieken

  • Deze quiz is 883 keer genomen
    (546 sinds de laatste reset)
  • De gemiddelde score is 13 van 20

Antwoordstatistieken

OmschrijvingAntwoord% Correct
Clubs in de Jupiler Pro LeagueRoyal Antwerp FC
99%
HoofdstadAntwerpen
97%
Aangrenzend landNederland
96%
Aangrenzende provinciesOost-Vlaanderen
90%
Aangrenzende provinciesLimburg
87%
Belangrijkste rivierSchelde
87%
Aangrenzende provinciesVlaams-Brabant
87%
Deze mondt uit in deNoordzee
83%
De haven is bekend vanwege dit slechte ding{Drugs}handel
82%
Clubs in de Jupiler Pro LeagueKV Mechelen
73%
Tweede stadMechelen
73%
Grootste evenementenhalSportpaleis
63%
De haven is bekend vanwege dit kostbare dingDiamanten
61%
Trappistenbier gebrouwen in MalleWestmalle
61%
Derde stadTurnhout
52%
Antwerpen is als enige stad in België onderverdeeld in ...Districten
43%
Deze autostrade heeft kruispunten met verkeerslichtenA12
41%
Clubs in de Jupiler Pro LeagueWesterlo
37%
Bekendste sluis van de haven{Berendrecht}sluis
21%
Hoogste punt{Beerzel}berg
11%

Scoreverdeling

Percentiel versus Aantal Correcte Antwoorden

Procent van Mensen met Elke Score

Uw Scoregeschiedenis

U heeft deze quiz nog niet genomen sinds de laatste reset